Key Statistics of Thailand 1988

Enregistré dans:
Détails bibliographiques
Format: Livre
Langue:anglais
Publié: Bangkok National Statistical Office 1988
Sujets:
Tags: Ajouter un tag
Pas de tags, Soyez le premier à ajouter un tag!

MARC

LEADER 00000nam a2200000 4500
001 c033136
005 20250512093156.9
041 0 |a eng 
044 |a TH 
245 1 0 |a Key Statistics of Thailand 1988 
264 1 |a Bangkok  |b National Statistical Office  |c 1988 
300 |a 96 s. 
610 2 0 |a Thajsko